| 000 | 00632nam a2200217 i 4500 | ||
|---|---|---|---|
| 001 | bg | ||
| 245 | 0 | 0 |
_aGeografia gospodarcza Polski : _bpraca zbiorowa / _cpod red. Ireny Fierli. |
| 250 | _aWyd. 5 zm. | ||
| 260 |
_aWarszawa : _bPolskie Wydawnictwo Ekonomiczne, _c2001. |
||
| 300 |
_a393, [1] s. : _bmapy, rys. ; _c24 cm. |
||
| 651 | 9 |
_aPolska _xgeografia gospodarcza |
|
| 655 | _aPodręczniki akademickie | ||
| 700 | 1 |
_aFIERLA, Irena. _eRed. |
|
| 020 | _a8320813239 | ||
| 040 | _cBPK | ||
| 041 | 0 | _apol | |
| 080 | _a911.3:33](075.8) | ||
| 920 | _a83-208-1323-9 | ||
| 942 | _cKS | ||
| 008 | s pl f |000 0 pol | ||
| 999 |
_c52407 _d52407 |
||
| 856 |
_uhttp://koha.tu.koszalin.pl/cgi-bin/koha/opac-detail.pl?biblionumber=52407 _yKatalog online BPK |
||